000 00691nam a2200241Ia 4500
003 OSt
005 20220923224115.0
006 a|||||r|||| 00| 0
007 ta
008 220922b |||||||| |||| 00| 0 hin d
024 _a225,711
037 _cTextual
040 _aARTS
_cARTS
_bhin
041 _2hin
_ahin
082 _aO153,3NKAw,1, 152P1
100 _aअजीत कौर
245 0 _aख़ानाबदोश
246 _aKha़ānābadosha
260 _aनयी दिल्ली
_b किताबघर
_c2001
300 _a166पृ.
_ccm.
942 _hO153,3NKAw,1, 152P1
_cTEXL
_2CC
999 _c369293
_d369293